| 000 | 00395nam a22001697a 4500 | ||
|---|---|---|---|
| 003 | NUST | ||
| 020 | _a 9780521551953 | ||
| 038 | _aASAD | ||
| 082 | _a621.381045 LIU | ||
| 100 |
_aLiu, Jia-Ming _969541 |
||
| 245 | _aPhotonic devices | ||
| 260 |
_aUK _bCambridge University Press _c2005 |
||
| 300 | _a xlviii-1052 P | ||
| 563 | _aPB | ||
| 650 |
_aPhotonic Devices _969542 |
||
| 942 |
_cBK _2ddc |
||
| 999 |
_c576779 _d576779 |
||